भावी भारतसम्राट (Record no. 324307)

MARC details
000 -LEADER
fixed length control field 00507nam a2200157Ia 4500
008 - FIXED-LENGTH DATA ELEMENTS--GENERAL INFORMATION
fixed length control field 090711s9999 xx 000 0 und d
082 ## - DEWEY DECIMAL CLASSIFICATION NUMBER
Item number 60791
100 ## - MAIN ENTRY--PERSONAL NAME
Personal name धुमकेतू
245 ## - TITLE STATEMENT
Title भावी भारतसम्राट
600 ## - SUBJECT ADDED ENTRY--PERSONAL NAME
Personal name धुमकेतू
630 ## - SUBJECT ADDED ENTRY--UNIFORM TITLE
Uniform title भावी भारतसम्राट
700 ## - ADDED ENTRY--PERSONAL NAME
Personal name धर्माधिकारी भाऊ
700 ## - ADDED ENTRY--PERSONAL NAME
Personal name धुमकेतू
730 ## - ADDED ENTRY--UNIFORM TITLE
Uniform title भावी भारतसम्राट
942 ## - ADDED ENTRY ELEMENTS (KOHA)
Koha item type Book

No items available.